000 01296cam a2200205 4500
001 WB4001-30
008 031219n2003 000 0 eng u
035 _a(Sirsi) u124656
245 _aMortgage and general insurance regulation in the UK
260 _c2003
490 _aRICS Feature
_v15 December 2003 (3)
520 _aThe HM Treasury has decided to extend the powers of the Financial Services Authority (FSA) under the Financial Services and Markets Act 2000 to include the regulation of mortgage lending, sales and administration and general insurance sales and administration. Mortgage regulation is changing on 31 October 2004 and general insurance regulation on 14 January 2005. Estate agents may be covered by the mortgage regulations and property managers who administer insurance will be covered by the general insurance regulations. FSA fact sheet is available at http://www.fsa.gov.uk/mgi/factsheets/fsa_2_changes_p8.pdf. http://www.rics.org/ricscms/bin/show?class=Feature&template=/includes/showfeature.html&id=917&faculty=RICS
590 _aWB
650 _aMORTGAGES
650 _aInsurance
_96249
650 _aPROFESSIONAL INDEMNITY INSURANCE
650 _aFINANCIAL SERVICES AUTHORITY
690 _aMANAGEMENT-BUSINESS MANAGEMENT-PROFESSIONAL PRACTICE
942 _n0
999 _c73978
_d73978